LEADER 01962oas 2200613 a 450 001 9910701954403321 005 20250529213022.0 035 $a(OCoLC)607859432 035 $a(CONSER) 2012230958 035 $a(CKB)5470000002422574 035 $a(EXLCZ)995470000002422574 100 $a20100418b199020uu ua a 101 0 $aeng 135 $aurbn||||||abp 135 $aurbn||||||ada 181 $ctxt$2rdacontent 182 $cc$2rdamedia 183 $acr$2rdacarrier 200 10$aNIST standard reference materials$iPrice list 210 $aGaithersburg, MD $cStandard Reference Materials Program, U.S. Dept. of Commerce, National Institute of Standards and Technology$d1990- 215 $a1 online resource 225 1 $aNIST special publication ;$v260 410 0$aNIST special publication ;$v260. 517 3 $aStandard reference materials price list 517 3 $aPrice list 517 3 $aNIST standard reference materials price list 517 1 $aSRM price list 517 1 $aGuide to SRM catalog price list 606 $aMaterials$xStandards$zUnited States$vCatalogs$vPeriodicals 606 $aMaterials$xStandards$2fast$3(OCoLC)fst01011874 607 $aUnited States$2fast$1https://id.oclc.org/worldcat/entity/E39PBJtxgQXMWqmjMjjwXRHgrq 608 $aCatalogs.$2fast 608 $aPeriodicals.$2fast 608 $aPeriodicals.$2lcgft 608 $aCatalogs.$2lcgft 615 0$aMaterials$xStandards 615 7$aMaterials$xStandards. 676 $a620.11 712 02$aNational Institute of Standards and Technology (U.S.).$bTechnology Services. 801 0$bOCLCE 801 1$bOCLCE 801 2$bGPO 801 2$bOCLCQ 801 2$bOCLCF 801 2$bDLC 801 2$bOCLCQ 801 2$bGILDS 801 2$bOCLCO 801 2$bOCLCQ 801 2$bOCLCL 906 $aDOCUMENT 912 $a9910701954403321 996 $aNIST standard reference materials$93529126 997 $aUNINA